LEADER 01069nam a2200277 i 4500 001 000000154994 003 CaOOAMICUS 005 20220513123520.0 008 061030s1965 it u000 u ita u 013 $a132343 040 $aSeMil$bita 100 1 $aMumford, Lewis,$d<1895-1990>.$0(OLS)http://semarc/name/21265 245 10$aHerman Melville /$cLewis Mumford. 264 1$aMilano :$bEdizioni di Comunità,$c1965. 300 $a318 p. ;$c22 cm. 490 1 $aSaggi di cultura contemporanea ;$v57 541 0 $aFondo Ciprandi (1W VI 296) 600 14$aMelville, Herman <1819-1891>.$0(OLS)http://semarc/subject/52272 830 0$aSaggi di cultura contemporanea ;$v57.$0(OLS)http://semarc/title/7468 850 $aSeMil 852 $aSeMil$W1$xVenegono$y1$m1W VI 296$j106845$B106845$CSeMilBibl$Z2$F116106 $81 941 1 $a1 961 $aOmaggio: Ciprandi dott. Paolo 996 $6245$aHerman Melville$9(OLS)http://semarc/title/226938 996 $6264$aMilano :$bEdizioni di Comunità$9(OLS)http://semarc/publisher/31458 LEADER 00984nam a2200205 i 4500 001 000000085768 003 CaOOAMICUS 005 20160127000000.0 008 160127s1896 it u000 u ita u 013 $a58008 040 $aSeMil$bita 100 1 $aDomenichelli, Teofilo.$0(OLS)http://semarc/name/39677 245 10$aVita del beato Teofilo di Corte, dell'Ordine dei Minori /$cscritta dal padre Teofilo Domenichelli. 260 $aQuaracchi, presso Firenze :$bTip. del Collegio di S. Bonaventura,$c1896. 300 $aVII, 383 p., [1] c. di tav. :$britr. ;$c24 cm. 600 04$aTeofilo : da Corte .$0(OLS)http://semarc/subject/16292 850 $aSeMil 852 $aSeMil$W1$xVenegono$y1$m3H IV 72 FA$j49624$B49624$CSeMilBibl$Z2$F53367 $8I 996 $6245$aVita del beato Teofilo di Corte, dell'Ordine dei Minori$9(OLS)http://semarc/title/132253 996 $6260$aQuaracchi, presso Firenze :$bTip. del Collegio di S. Bonaventura$9(OLS)http://semarc/publisher/43482